01855nam a2200265Ia 4500952010100000952011300101952010100214952010100315999001700416008004100433020001500474050002100489100003900510245011100549250001900660260003200679300001800711500013600729504003500865505058600900519004401486650002201530650003001552942000701582 00102lcc4070a11b11d2007-01-08l0oHM261 R57 1995p11 004650r2012-06-26t1w2012-06-26yLB 00102lcc4070a11b11d2007-01-08l1oHM261 R57 1995p11 004651r2018-06-11s2018-06-11t2w2012-06-26yLB 00102lcc4070a11b11d2007-01-08l0oHM261 R57 1995p11 004652r2012-06-26t3w2012-06-26yLB 00102lcc4070a11b11d2015-08-26l0oHM261 R57 1995p11 012499r2015-08-26t4w2015-08-26yLB c70910d70910120626s1995 mx 000 0 spa d a9682452147 aHM261 bR57 1995 aRivadeneira Prada, Raúl eautor  aLa opinión públicab: análisis, estructura y métodos para su estudio c/ Raúl, Rivadeneira Prada a4a. edición  aMéxicob: Trillasc, 1995 a219 páginas aIncluye: Índice de contenido, Prefacio (pp. 5 - 27), Índice onomástico (pp. 215 - 216), Índice analítico (pp. 217 - 219)  aBibliografía (pp. 211 - 214) aSociabilidad y comunicación La necesidad de informarse La opinión pública en el proceso de la comunicación social Comunicación, participación social, democratización y medios alternativos La opinión pública y otras disciplinas La opinión pública a través de la historia La opinión pública a través de sus investigadores Formación de la opinión pública Formas de opiniones y actitudes Proceso de información periodística Los públicos Los grupos de opinión El control social Evaluación de actitudes y opiniones  aMaterial Complementario /d(11 0012499) aOPINION PÚBLICA aSOCIEDAD Y COMUNICACIÓN cLB